00467 a2200169 450000100060000002000150000604000240002110000200004524000310006524500260009630000070012236200090012965000310013894200070016995201040017699900170028069504 a8598536032 cAnchieta - Itaigara aBarros, Fabiana10aAs aventuras de Lollylpor10aAs aventuras de Lolly a400 a2004 4aLiteratura infanto-juvenil cBK 00104070a88.1b88.1d2023-11-21l0o028.5 BAR AVEp1892/ITAr2023-11-21 20:04:05w2023-11-21yBK c69504d69504